LEADER 01065nam a2200181 i 4500 001 000000058584 003 CaOOAMICUS 005 19971127000000.0 008 971127n xx u000 u lat u 013 $a29756 040 $aSeMil$bita 110 2 $aDiocesi di Vercelli.$0(OLS)http://semarc/name/29881 245 10$aConstitutiones seu Statuta Synodi dioecesanae vercellensis quam primam a promulgato codice I. C. in Ecclesia Metropolitana habuit diebus 12. 13. 14. mense septembri a. 1933. Vercellis :$bTypis Societ. Typogr. Vercell., 1933. 650 4$aSinodi diocesani - Vercelli.$0(OLS)http://semarc/subject/11784 700 1 $aMontanelli, Giacomo .$0(OLS)http://semarc/name/29882 850 $aSeMil 852 $aSeMil$W1$xVenegono$y1$m6W I 13$j24737$B24737$CSeMilBibl$Z2$F24740 $8I 996 $6245$aConstitutiones seu Statuta Synodi dioecesanae vercellensis quam primam a promulgato codice I. C. in Ecclesia Metropolitana habuit diebus 12. 13. 14. mense septembri a. 1933. Vercellis :$bTypis Societ. Typogr. Vercell., 1933.$9(OLS)http://semarc/title/91354 LEADER 01379nam a2200277 i 4500 001 000000150263 003 CaOOAMICUS 005 20060512000000.0 008 060512s1966 it u000 u ita u 013 $a127601 040 $aSeMil$bita 100 1 $aMartini, Carlo Maria,$c.$0(OLS)http://semarc/name/89159 245 13$aIl problema della recensionalità del codice B alla luce del papiro Bodmer 14. /$cCarlo Maria Martini , S.I. Professore al Pontificio Istituto Biblico. 260 $aRoma :$bPontificio Istituto Biblico,$c1966. 300 $aXXIV, 192 p. ;$c24 cm. 490 0 $aAnalecta Biblica : investigationes scientificae in res biblicas ;$v26 500 $aContiene : Appendice ; Indice dei passi lucani trattati. - Fondo Card. C.M. Martini. 650 4$aCritica testuale.$0(OLS)http://semarc/subject/15917 650 4$aPapiri Bodmer.$0(OLS)http://semarc/subject/4702 830 0$aAnalecta biblica ;$v26.$0(OLS)http://semarc/title/6 850 $aSeMil 852 $aSeMil$W1$xVenegono$y1$m2HA G 26$j236191$B102419$CSeMilBibl$Z2$F111088 $81 941 1 $a4 961 $aOmaggio: Martini Card. Carlo Maria 996 $6245$aIl problema della recensionalità del codice B alla luce del papiro Bodmer 14.$9(OLS)http://semarc/title/219739 996 $6260$aRoma :$bPontificio Istituto Biblico$9(OLS)http://semarc/publisher/30489